书目信息 |
| 题名: |
征程
|
|
| 作者: | 叶培建 , 曲少杰 , 马继楠 著 | |
| 分册: | ||
| 出版信息: | 北京 科学出版社 2021.04 |
|
| 页数: | 331页 | |
| 开本: | 24cm | |
| 丛书名: | 国家科学思想库 | |
| 单 册: | ||
| 中图分类: | V11-49 | |
| 科图分类: | ||
| 主题词: | 空间探索--kong jian tan suo--普及读物 | |
| 电子资源: | ||
| ISBN: | 978-7-03-068200-0 | |
| 000 | 01449nam 2200361 450 | |
| 001 | 96030 | |
| 005 | 20250911143725.41 | |
| 010 | @a978-7-03-068200-0@dCNY58.00 | |
| 100 | @a20210412d2021 em y0chiy50 ea | |
| 101 | 0 | @achi |
| 102 | @aCN@b110000 | |
| 105 | @aa a 000yy | |
| 106 | @ar | |
| 200 | 1 | @a征程@Azheng cheng@e人类探索太空的故事@f叶培建, 曲少杰, 马继楠等著 |
| 210 | @a北京@c科学出版社@d2021.04 | |
| 215 | @a331页@c图@d24cm | |
| 225 | 2 | @a国家科学思想库@Aguo jia ke xue si xiang ku@i科学文化系列 |
| 225 | 2 | @a科学与未来: 院士科普丛书@Ake xue yu wei lai : yuan shi ke pu cong shu |
| 312 | @a英文题名取自封面 | |
| 314 | @a叶培建, 中国科学院院士, 中国空间技术研究院研究员。 | |
| 320 | @a有书目 (第329-331页) | |
| 330 | @a本书以生动浅显的语言, 讲述了地球、太阳系、宇宙空间的相关科学知识, 介绍了人类探索太空的历史变迁、探索手段和工具的发展、探索所获得的重要发现, 介绍了当前在探索太空中面临的科学和技术难题, 探讨了地外生命存在的可能性以及人类与地球的未来。 | |
| 410 | 0 | @12001 @a国家科学思想库@i科学文化系列 |
| 410 | 0 | @12001 @a科学与未来: 院士科普丛书 |
| 510 | 1 | @aExpedition@zeng |
| 517 | 1 | @a人类探索太空的故事@Aren lei tan suo tai kong de gu shi |
| 606 | 0 | @a空间探索@Akong jian tan suo@j普及读物 |
| 690 | @aV11-49@v5 | |
| 701 | 0 | @a叶培建@Aye pei jian@4著 |
| 701 | 0 | @a曲少杰@Aqu shao jie@4著 |
| 701 | 0 | @a马继楠@Ama ji nan@4著 |
| 801 | 0 | @aCN@c20250909 |
| 905 | @a河南城建学院图书馆@dV11-49@eY436@f1 | |
| 征程:人类探索太空的故事/叶培建, 曲少杰, 马继楠等著.-北京:科学出版社,2021.04 |
| 331页:图;24cm.-(国家科学思想库.科学文化系列).-(科学与未来: 院士科普丛书) |
| ISBN 978-7-03-068200-0:CNY58.00 |
| 本书以生动浅显的语言, 讲述了地球、太阳系、宇宙空间的相关科学知识, 介绍了人类探索太空的历史变迁、探索手段和工具的发展、探索所获得的重要发现, 介绍了当前在探索太空中面临的科学和技术难题, 探讨了地外生命存在的可能性以及人类与地球的未来。 |
| ● |
| 相关链接 |
|
|
|
正题名:征程
索取号:V11-49/Y436
 
预约/预借
| 序号 | 登录号 | 条形码 | 馆藏地/架位号 | 状态 | 备注 |
| 1 | 1630170 | 216301703 | 自科库501/501自科库 59排5列2层/ [索取号:V11-49/Y436] | 在馆 |